Nursing management and leadership. (Record no. 21918)
[ view plain ]
| 000 -LEADER | |
|---|---|
| fixed length control field | 00806nam a2200301 a 4500 |
| 005 - DATE AND TIME OF LATEST TRANSACTION | |
| control field | 20140310183345.0 |
| 008 - FIXED-LENGTH DATA ELEMENTS--GENERAL INFORMATION | |
| fixed length control field | 070205s19uu xx 00 eng d |
| 020 ## - INTERNATIONAL STANDARD BOOK NUMBER | |
| International Standard Book Number | 971-584-518-5 |
| 050 ## - LIBRARY OF CONGRESS CALL NUMBER | |
| Classification number | RT 89 |
| Item number | .Sw885 2006 |
| 100 ## - MAIN ENTRY--PERSONAL NAME | |
| Personal name | Roussel, Linda |
| 245 ## - TITLE STATEMENT | |
| Title | Nursing management and leadership. |
| Statement of responsibility, etc | Linda Rousel |
| 260 ## - PUBLICATION, DISTRIBUTION, ETC. (IMPRINT) | |
| Place of publication, distribution, etc | Sudbury, Massachusetts : |
| Name of publisher, distributor, etc | Jones and Bartlett Publishers, |
| Date of publication, distribution, etc | 2006. |
| 300 ## - PHYSICAL DESCRIPTION | |
| Extent | 498 p. : |
| Dimensions | 25 cm. |
| 521 ## - TARGET AUDIENCE NOTE | |
| Target audience note | |
| 650 ## - SUBJECT ADDED ENTRY--TOPICAL TERM | |
| Topical term or geographic name as entry element | Nursing services |
| General subdivision | Administration. |
| 650 ## - SUBJECT ADDED ENTRY--TOPICAL TERM | |
| Topical term or geographic name as entry element | Nurse administrators. |
| 650 ## - SUBJECT ADDED ENTRY--TOPICAL TERM | |
| Topical term or geographic name as entry element | Leadership. |
| 700 ## - ADDED ENTRY--PERSONAL NAME | |
| Personal name | Swansburg, Russell C. |
| 700 ## - ADDED ENTRY--PERSONAL NAME | |
| Personal name | Swansburg, Richard J. |
| 942 ## - ADDED ENTRY ELEMENTS (KOHA) | |
| Koha item type | Books |
| Source of classification or shelving scheme | Library of Congress Classification |
| Call number prefix | Foreign |
| Withdrawn status | Lost status | Source of classification or shelving scheme | Damaged status | Home library | Current library | Shelving location | Date acquired | Total Checkouts | Full call number | Barcode | Date last seen | Price effective from | Koha item type | Source of acquisition | Copy number | Total Renewals | Date checked out |
|---|---|---|---|---|---|---|---|---|---|---|---|---|---|---|---|---|---|
| Library of Congress Classification | Archives | Archives | 12/12/2013 | RT 89 .Sw885 2006 | C9632 | 05/15/2018 | 12/12/2013 | Books | Donation | 2 | |||||||
| Library of Congress Classification | Archives | Archives | 12/12/2013 | 1 | RT 89 .Sw885 2006 | C8173 | 05/15/2018 | 12/12/2013 | Books | Donation | 4 | 1 | 09/30/2014 | ||||
| Library of Congress Classification | Archives | Archives | 12/12/2013 | RT 89 .Sw885 2006 | C9631 | 05/15/2018 | 12/12/2013 | Books | Donation | 5 | |||||||
| Library of Congress Classification | Archives | Archives | 12/12/2013 | RT 89 .Sw885 2006 | C9635 | 05/15/2018 | 12/12/2013 | Books | Donation | 7 | |||||||
| Library of Congress Classification | College Library | College Library | General Circulation Section | 07/14/2008 | RT 89 .Sw885 2006 | C9634 | 05/15/2018 | 03/10/2014 | Books | ||||||||
| Library of Congress Classification | College Library | College Library | General Circulation Section | 12/12/2013 | RT 89 .Sw885 2006 | C9633 | 05/15/2018 | 12/12/2013 | Books | 3 | |||||||
| Library of Congress Classification | College Library | College Library | General Circulation Section | 12/12/2013 | RT 89 .Sw885 2006 | C9636 | 05/15/2018 | 12/12/2013 | Books | 6 |